| 000 | 01223nam0a22002771 4500 | ||
|---|---|---|---|
| 001 | rc\571615 | ||
| 005 | 20250612175042.0 | ||
| 035 | _a(NLR Aleph) 008763555 | ||
| 090 |
_a7880118 _c7880118 |
||
| 100 | _a20031121d1987 |||y0rusy50 ca | ||
| 101 | 0 | _arus | |
| 102 | _aRU | ||
| 105 | _aa ||||||||| | ||
| 200 | 1 |
_aРАДИОИСТОЧНИКИ глубокого обзора эксперимента "Холод" в интервале прямых восхождений 16ʰ<α<17ʰ, 4ʰ<α<5ʰ, 0ʰ<d<1ʰ: каталоги, исследование методики наблюдений и обработки _fЮ.Н. Парийский, Н.Н. Бурсов, Р. Вилебинский и др. |
|
| 210 |
_aЛ. _cБ. и. _d1987 |
||
| 215 |
_a38 с. _cграф. _d20 |
||
| 225 | 1 |
_aПрепринт _fАН СССР, Спец. астрофиз. обсерватория. Ленингр. фил. _v№ 41Л |
|
| 300 | _aРез. на англ. яз. | ||
| 320 | _aБиблиогр.: с. 18-22 | ||
| 701 | 1 |
_aПарийский _bЮ.Н. _gЮрий Николаевич |
|
| 801 | 0 |
_aRU _bNLR _gpsbo |
|
| 801 | 1 |
_aRU _bELAR _2rusmarc |
|
| 801 | 2 |
_aRU _bNLR _c20040429 _2rusmarc |
|
| 852 |
_aNLR _j88-4/5507 |
||
| 942 | _cBOOK | ||
| 980 | _aNB | ||